| 000 | 00608nam a2200217Ia 4500 | ||
|---|---|---|---|
| 003 | GCL | ||
| 008 | 140319s9999 xx 000 0 eng d | ||
| 040 |
_aGCL / _cGCL |
||
| 082 | 0 | 4 |
_a001.4225 _bD S |
| 100 | 1 | _aDUNCAN, OTIS DUDLEY | |
| 245 | 1 | 0 |
_aSTATISTICAL GEOGRAPHY: PROBLEMS IN ANALYZING AREAL DATA / _cDUNCAN, OTIS DUDLEY |
| 700 | 1 | _aCUZZART, RAY P | |
| 700 | 1 | _aDUNCAN, BEVERLY | |
| 260 |
_a[S.N] : _bTHE FREE PRESS ، _c1961 |
||
| 300 | _a191 P | ||
| 650 | 0 | 4 | _aSTATISTICS |
| 650 | 0 | 4 | _aSTATISTICAL METHODS |
| 650 | 0 | 4 | _aANALYSIS OF DATA |
| 650 | 0 | 4 | _aSTATISTICAL GEOGRAPHY |
| 942 |
_2ddc _cBK |
||
| 999 |
_c14989 _d14989 |
||